Statistics for AFL Clubs last 5 Coaches

Click here to take the quiz!

General Stats

  • This quiz has been taken 32 times
    (24 since last reset)
  • The average score is 48 of 86

Answer Stats

ClubTenureAnswer% Correct
North Melbourne2010 - 2019Brad Scott
95%
Essendon2023 - PresentBrad Scott
95%
Geelong2011 - PresentChris Scott
95%
Brisbane2009 - 2013Michael Voss
95%
Carlton2022 - PresentMichael Voss
95%
Carlton2013 - 2015Mick Malthouse
95%
West Coast1990 - 1999Mick Malthouse
95%
Collingwood2000 - 2011Mick Malthouse
95%
Fremantle2012 - 2019Ross Lyon
95%
St Kilda2007 - 2011, 2023 - PresentRoss Lyon
95%
Hawthorn2005 - 2021Alastair Clarkson
90%
North Melbourne2023 - PresentAlastair Clarkson
90%
Brisbane2017 - PresentChris Fagan
90%
Gold Coast2024 - PresentDamien Hardwick
90%
Richmond2010 - 2023Damien Hardwick
90%
Fremantle2020 - PresentJustin Longmuir
90%
Hawthorn2022 - PresentSam Mitchell
90%
Melbourne2017 - PresentSimon Goodwin
90%
Port Adelaide2013 - PresentKen Hinkley
85%
Western Bulldogs2015 - PresentLuke Beveridge
85%
Collingwood2012 - 2021Nathan Buckley
85%
West Coast2014 - PresentAdam Simpson
80%
Richmond2024 - PresentAdem Yze
80%
St Kilda2019 - 2022Brett Ratten
80%
Carlton2007 - 2012Brett Ratten
80%
Collingwood2022 - PresentCraig McRae
80%
Sydney2011 - PresentJohn Longmire
80%
GWS2014 - 2022Leon Cameron
75%
Adelaide2020 - PresentMatthew Nicks
75%
GWS2012 - 2013Kevin Sheedy
70%
Collingwood1986 - 1995Leigh Matthews
70%
Brisbane1999 - 2008Leigh Matthews
70%
North Melbourne2019 - 2020Rhyce Shaw
70%
Gold Coast2018 - 2023Stewart Dew
70%
Collingwood1996 - 1999Tony Shaw
70%
Essendon2021 - 2022Ben Rutten
65%
Carlton2016 - 2019Brendon Bolton
65%
Adelaide2016 - 2019Don Pyke
65%
West Coast2002 - 2013John Worsfold
65%
Essendon2016 - 2020John Worsfold
65%
Essendon2014Mark Thompson
65%
Geelong2000 - 2010Mark Thompson
65%
GWS2023 - PresentAdam Kingsley
60%
Essendon2011 - 2013, 2015James Hird
60%
Melbourne2014 - 2016Paul Roos
60%
Sydney2002 - 2010Paul Roos
60%
North Melbourne2021 - 2022David Noble
55%
Port Adelaide1999 - 2010Mark Williams
55%
Brisbane2014 - 2016Justin Leppitsch
50%
Geelong1989 - 1994Malcolm Blight
50%
Western Bulldogs2005 - 2011Rodney Eade
50%
Gold Coast2015 - 2017Rodney Eade
50%
Sydney1996 - 2002Rodney Eade
50%
Richmond2005 - 2009Terry Wallace
50%
Western Bulldogs1996 - 2002Terry Wallace
50%
Carlton2019 - 2021David Teague
45%
Adelaide2015Phil Walsh
45%
Richmond2000 - 2004Danny Frawley
40%
Adelaide2004 - 2011Neil Craig
40%
St Kilda2014 - 2019Alan Richardson
35%
North Melbourne2003 - 2009Dani (Dean) Laidley
35%
Geelong1995 - 1999Gary Ayres
35%
Gold Coast2011 - 2014Guy McKenna
35%
Fremantle2007 - 2011Mark Harvey
35%
Melbourne1998 - 2007Neale Daniher
35%
Port Adelaide2010 - 2012Matthew Primus
30%
Adelaide2012 - 2014Brenton Sanderson
25%
Fremantle1999 - 2001Damian Drum
25%
Sydney1993 - 1995Ron Barassi
25%
Fremantle2002 - 2007Chris Connolly
20%
Melbourne2008 - 2011Dean Bailey
20%
St Kilda2001 - 2006Grant Thomas
20%
St Kilda2012 - 2013Scott Watters
20%
Port Adelaide1997 - 1998John Cahill
15%
West Coast2000 - 2001Ken Judge
15%
Hawthorn1996 - 1999Ken Judge
15%
Melbourne2012 - 2013Mark Neeld
15%
Hawthorn1994 - 1995Peter Knights
15%
Western Bulldogs2012 - 2014Brendan McCartney
10%
Sydney1992 - 1993Gary Buckenara
10%
Richmond1997 - 1999Jeff Gieschen
10%
Brisbane1997 - 1998John Northey
10%
West Coast1988 - 1989John Todd
10%
Hawthorn2000 - 2004Peter Schwab
10%
Geelong1986 - 1988John Devine
0%
Western Bulldogs2002 - 2004Peter Rohde
0%

Score Distribution

Percentile by Number Answered

Percent of People with Each Score

Your Score History

You have not taken this quiz since the last reset